[Event "Moscow RUS"]
[Site "?"]
[Date "2005.02.16"]
[Round "2"]
[White "Sherbakov Ruslan"]
[Black "Zhukova Natalia"]
[Result "1/2-1/2"]
[WhiteElo "2549"]
[BlackElo "2465"]
[PlyCount "34"]
[EventDate "2005.??.??"]
[Source "www.chesslib.no"]
[SourceDate "2004.05.04"]

1. e4 e6 2. d4 d5 3. Nd2 Nf6 4. e5 Nfd7 5. Bd3 c5 6. c3 Nc6 7. Ngf3 f6 8. exf6 Nxf6 9. O-O cxd4 10. cxd4 Bd6 11. Nb3 O-O 12. Bg5 e5 13. dxe5 Nxe5 14. Nbd4 h6 15. Bh4 Qb6 16. Nxe5 Bxe5 17. Nf3 Bg4 1/2-1/2

[Event "It (Open) INT"]
[Site "?"]
[Date "2006.05.06"]
[Round "?"]
[White "Kosteniuk Alexandra"]
[Black "Shorokhov Alexandr"]
[Result "1-0"]
[WhiteElo "2540"]
[BlackElo "2471"]
[PlyCount "101"]
[EventDate "2006.??.??"]
[Source "www.chesslib.no"]
[SourceDate "2004.05.04"]

1. e4 e6 2. d4 d5 3. Nd2 Nf6 4. e5 Nfd7 5. Bd3 c5 6. c3 Nc6 7. Ne2 a6 8. Nf3 b5 9. O-O Be7 10. Be3 c4 11. Bc2 Bb7 12. Qd2 Qc7 13. Bg5 f6 14. exf6 gxf6 15. Bf4 Bd6 16. Bxd6 Qxd6 17. Ng3 O-O-O 18. Nh5 e5 19. Bf5 Kb8 20. a4 b4 21. Rfd1 e4 22. Ne1 Na5 23. Qf4 Qxf4 24. Nxf4 Nb3 25. Rab1 Nb6 26. a5 Nxa5 27. Ne6 Rd6 28. cxb4 Nc6 29. Nc5 Nxb4 30. f3 e3 31. Nc2 Nxc2 32. Bxc2 Re8 33. Re1 Re7 34. Re2 Nd7 35. Nxd7+ Rdxd7 36. Rbe1 Bc6 37. Rxe3 Rxe3 38. Rxe3 Rb7 39. h4 h6 40. Re6 Bd7 41. Rxf6 Rxb2 42. Bh7 h5 43. Rxa6 c3 44. Rd6 Kc7 45. Rxd5 Bb5 46. Rc5+ Kd6 47. Rxc3 Kd5 48. Rc5+ Kxd4 49. Rxh5 Ke3 50. Re5+ Kf4 51. Re4+ 1-0

[Event "Yerevan ARM"]
[Site "?"]
[Date "1996.09.28"]
[Round "12"]
[White "Kotsur Pavel KAZ"]
[Black "Djurhuus Rune NOR"]
[Result "1-0"]
[WhiteElo "2505"]
[BlackElo "2505"]
[PlyCount "83"]
[EventDate "1996.??.??"]
[Source "www.chesslib.no"]
[SourceDate "2004.05.04"]

1. e4 e6 2. d4 d5 3. Nd2 Nf6 4. e5 Nfd7 5. Bd3 c5 6. c3 Nc6 7. Ndf3 f6 8. exf6 Nxf6 9. Ne2 Bd6 10. O-O O-O 11. dxc5 Bxc5 12. Ned4 Bd6 13. Ng5 Qe8 14. f4 Nxd4 15. cxd4 Bd7 16. Re1 h6 17. Nh3 Ne4 18. Qe2 Bc6 19. g3 Bb4 20. Rf1 Ba5 21. Nf2 Qg6 22. Be3 h5 23. Qf3 Bc7 24. Rac1 Rad8 25. b4 a6 26. a4 Bb6 27. b5 axb5 28. axb5 Be8 29. Rfd1 Nxf2 30. Bxg6 Nh3+ 31. Kg2 Bxg6 32. f5 Bxf5 33. Qxh5 g6 34. Qe2 Rd7 35. g4 Be4+ 36. Kxh3 Rh7+ 37. Kg3 Bd8 38. g5 Be7 39. Rf1 Bd6+ 40. Bf4 Bxf4+ 41. Rxf4 Ra8 42. Rxe4 1-0

[Event "It (Open) Cappelle La Grande FRA"]
[Site "?"]
[Date "2006.02.21"]
[Round "5"]
[White "Sebag Marie"]
[Black "Popov Valerij"]
[Result "1-0"]
[WhiteElo "2415"]
[BlackElo "2592"]
[PlyCount "55"]
[EventDate "2006.??.??"]
[Source "www.chesslib.no"]
[SourceDate "2004.05.04"]

1. e4 e6 2. d4 d5 3. Nd2 Nf6 4. e5 Nfd7 5. Bd3 c5 6. c3 Nc6 7. Ngf3 g6 8. h4 Be7 9. Kf1 O-O 10. Kg1 f6 11. exf6 Bxf6 12. Ng5 Bxg5 13. hxg5 Qe7 14. Nf1 e5 15. Ne3 Qf7 16. Ng4 Kg7 17. dxc5 Nxc5 18. Nf6 h5 19. Be3 Nxd3 20. Qxd3 Rd8 21. Rxh5 Rh8 22. Rxh8 Kxh8 23. g4 Kg7 24. Kg2 e4 25. Qe2 Be6 26. Rh1 Rh8 27. Rxh8 Kxh8 28. Qd1 1-0

[Event "Velammal 45th National A ch-IND"]
[Site "Chennai IND"]
[Date "2008.02.11"]
[Round "9"]
[White "Sethuraman, S."]
[Black "Ganguly, S."]
[Result "0-1"]
[WhiteElo "2424"]
[BlackElo "2579"]
[PlyCount "70"]
[EventDate "2008.02.03"]
[Source "www.chesslib.no"]
[SourceDate "2004.05.04"]

1. e4 e6 2. d4 d5 3. Nd2 Nf6 4. e5 Nfd7 5. Bd3 c5 6. c3 Nc6 7. Ngf3 g6 8. h4 h6 9. b3 Bg7 10. Bb2 O-O 11. Qe2 b6 12. a3 f6 13. Bb5 Bb7 14. c4 fxe5 15. dxe5 d4 16. O-O-O Rf5 17. Ne4 Ndxe5 18. Ng3 Rf7 19. Bxc6 Nxc6 20. Qxe6 Qf6 21. Rhe1 Na5 22. Rd3 Qxe6 23. Rxe6 Bxf3 24. gxf3 Raf8 25. Rxg6 Kh7 26. Re6 Rxf3 27. Rxf3 Rxf3 28. Nh5 Rxf2 29. Re7 Nxb3+ 30. Kb1 Nd2+ 31. Kc1 Kg6 32. Nxg7 Nxc4 33. h5+ Kf6 34. Rxa7 Nxb2 35. Ne8+ Ke5 0-1

[Event "WYCC 2008 U18 boys"]
[Site "Vung Tau City VIE"]
[Date "2008.10.22"]
[Round "4.1"]
[White "Shankland, Samuel L"]
[Black "Nguyen, Ngoc Truong Son"]
[Result "1/2-1/2"]
[WhiteElo "2436"]
[BlackElo "2567"]
[PlyCount "50"]
[EventDate "2008.10.20"]
[Source "www.chesslib.no"]
[SourceDate "2004.05.04"]

1. e4 e6 2. d4 d5 3. Nd2 Nf6 4. e5 Nfd7 5. Bd3 c5 6. c3 Nc6 7. Ndf3 cxd4 8. cxd4 f6 9. exf6 Qxf6 10. Ne2 Bd6 11. Bg5 Qf7 12. O-O O-O 13. Bh4 h6 14. Bg3 Bxg3 15. hxg3 e5 16. dxe5 Ndxe5 17. Nxe5 Nxe5 18. Nf4 g5 19. Re1 Ng4 20. Bg6 Qf6 21. Bh5 gxf4 22. Bxg4 fxg3 23. fxg3 Kh8 24. Bf3 Be6 25. Qd2 Bg8 1/2-1/2

[Event "Open"]
[Site "?"]
[Date "1997.11.13"]
[Round "6"]
[White "Van den Doel Erik"]
[Black "Gleizerov Evgeny"]
[Result "0-1"]
[WhiteElo "2440"]
[BlackElo "2560"]
[PlyCount "72"]
[EventDate "1997.??.??"]
[Source "www.chesslib.no"]
[SourceDate "2004.05.04"]

1. e4 e6 2. d4 d5 3. Nd2 Nf6 4. e5 Nfd7 5. Bd3 c5 6. c3 Nc6 7. Ngf3 Qb6 8. O-O g6 9. dxc5 Qc7 10. Nb3 Bg7 11. Nfd4 Qxe5 12. Re1 Qb8 13. Nxe6 fxe6 14. Rxe6+ Kf7 15. Bc4 Nde5 16. Qxd5 Bxe6 17. Qxe6+ Kf8 18. Bg5 Nxc4 19. Qxc4 h6 20. Bh4 Qc7 21. Rd1 Re8 22. f4 Qc8 23. f5 gxf5 24. Rd6 Re4 25. Qd5 Rxh4 26. Na5 Qe8 27. Re6 Ne7 28. Qxb7 Qd8 29. Rd6 Qe8 30. Qb3 Be5 31. Re6 Bxh2+ 32. Kf1 Rf4+ 33. Ke1 Bg3+ 34. Kd2 Qd7+ 35. Rd6 Rf2+ 36. Kc1 Bxd6 0-1

[Event "Bundesliga 2007-8"]
[Site "Erfurt GER"]
[Date "2007.11.25"]
[Round "4"]
[White "Heinemann, T."]
[Black "Bunzmann, D."]
[Result "1/2-1/2"]
[WhiteElo "2478"]
[BlackElo "2518"]
[PlyCount "44"]
[EventDate "2007.10.19"]
[Source "www.chesslib.no"]
[SourceDate "2004.05.04"]

1. e4 e6 2. d4 d5 3. Nd2 Nf6 4. e5 Nfd7 5. Bd3 c5 6. c3 Nc6 7. Ne2 a5 8. Nf3 a4 9. a3 Nb6 10. Bg5 Qc7 11. O-O Bd7 12. Re1 Na5 13. Rb1 Nbc4 14. Bc2 h6 15. Bh4 b5 16. h3 Nc6 17. Bg3 Qa7 18. dxc5 Bxc5 19. Nf4 O-O-O 20. Nd3 Bb6 21. Nb4 Nxb4 22. axb4 Bc6 1/2-1/2

[Event "Open internazionale"]
[Site "Liverpool ING"]
[Date "2007.09.05"]
[Round "5.5"]
[White "Rendle, Thomas"]
[Black "Berg, Emanuel"]
[Result "1/2-1/2"]
[WhiteElo "2416"]
[BlackElo "2580"]
[PlyCount "87"]
[EventDate "2007.09.05"]
[Source "www.chesslib.no"]
[SourceDate "2004.05.04"]

1. e4 e6 2. d4 d5 3. Nd2 Nf6 4. e5 Nfd7 5. Bd3 c5 6. c3 Nc6 7. Ngf3 g6 8. h4 h6 9. O-O Qb6 10. c4 cxd4 11. cxd5 exd5 12. Nb3 Bg7 13. Bf4 O-O 14. Re1 Re8 15. Qd2 Ndxe5 16. Nxe5 Nxe5 17. Bxh6 Bxh6 18. Qxh6 Bd7 19. Bf1 Qf6 20. Qg5 Qxg5 21. hxg5 d3 22. Nc5 Bf5 23. Red1 Rac8 24. Nxb7 Re6 25. b4 Rb6 26. Nc5 Rxb4 27. Nxd3 Bxd3 28. Bxd3 Rb2 29. Bf1 Rc5 30. f3 Nc4 31. Rab1 Rxb1 32. Rxb1 Ne3 33. Bd3 d4 34. f4 Rc3 35. Rb3 Nd5 36. g3 a5 37. Kf2 Nb4 38. Be4 Kf8 39. g4 Ke7 40. f5 gxf5 41. gxf5 f6 42. g6 Rxb3 43. axb3 Na6 44. Bd5 1/2-1/2

[Event "Lazne Bohdanec"]
[Site "Lazne Bohdanec"]
[Date "1994.??.??"]
[Round "7"]
[White "Rogers, Ian"]
[Black "Trichkov, Vasil"]
[Result "1/2-1/2"]
[WhiteElo "2565"]
[BlackElo "2415"]
[PlyCount "71"]
[EventDate "1994.02.??"]
[Source "ChessBase"]

1. e4 e6 2. d4 d5 3. Nd2 Nf6 4. e5 Nfd7 5. Bd3 c5 6. c3 Nc6 7. Ngf3 cxd4 8. cxd4 Qb6 9. O-O Nxd4 10. Nxd4 Qxd4 11. Nf3 Qb6 12. Qc2 h6 13. Bf4 g5 14. Be3 Bc5 15. Bxc5 Nxc5 16. Rfc1 Nxd3 17. Qxd3 Bd7 18. Nd4 Rc8 19. Rxc8+ Bxc8 20. b3 Bd7 21. h4 gxh4 22. Rd1 Qd8 23. Qh3 Qg5 24. Nf3 Qg7 25. Rd4 Rg8 26. Rxh4 d4 27. Rxd4 Bc6 28. Rf4 Bd5 29. Kh2 a6 30. Rf6 Qg4 31. Qxg4 Rxg4 32. Rxh6 Re4 33. Rh8+ Ke7 34. Rc8 Re2 35. Kg3 Kd7 36. Rf8 1/2-1/2

[Event "VII Settimana degli scacchi"]
[Site "Winterthur SVI"]
[Date "2007.10.07"]
[Round "3"]
[White "Caruana, Fabiano"]
[Black "Macak, Stefan"]
[Result "1-0"]
[WhiteElo "2594"]
[BlackElo "2384"]
[PlyCount "77"]
[EventDate "2007.10.05"]
[Source "www.chesslib.no"]
[SourceDate "2004.05.04"]

1. e4 e6 2. d4 d5 3. Nd2 Nf6 4. e5 Nfd7 5. Bd3 c5 6. c3 Nc6 7. Ngf3 Be7 8. O-O g5 9. a3 g4 10. Ne1 h5 11. Nc2 Qb6 12. Nb1 c4 13. Be2 f6 14. exf6 Nxf6 15. Nb4 Na5 16. Bf4 Nb3 17. Ra2 Bd7 18. Nd2 a5 19. Nc2 O-O-O 20. Na1 Nxd2 21. Qxd2 Rdf8 22. Be5 Rhg8 23. a4 Ne4 24. Qe1 Bg5 25. b3 cxb3 26. Rb2 Bxa4 27. Bd3 Rf5 28. Qb1 Rgf8 29. Bxe4 dxe4 30. Nxb3 Rxf2 31. Rfxf2 Be3 32. Bg3 h4 33. Bxh4 Bc6 34. Nc5 Qc7 35. Nxe6 Qh7 36. Nxf8 Qxh4 37. Qe1 Qg5 38. Rbe2 g3 39. Rxe3 1-0

[Event "Bundesliga 0102"]
[Site "?"]
[Date "2002.03.17"]
[Round "11.4"]
[White "Holzke Frank"]
[Black "Bunzmann Dimitrij"]
[Result "1/2-1/2"]
[WhiteElo "2468"]
[BlackElo "2509"]
[PlyCount "34"]
[EventDate "2002.??.??"]
[Source "www.chesslib.no"]
[SourceDate "2004.05.04"]

1. e4 e6 2. d4 d5 3. Nd2 Nf6 4. e5 Nfd7 5. Bd3 c5 6. c3 Nc6 7. Ndf3 Qa5 8. Bd2 Qb6 9. Qc2 h6 10. h4 cxd4 11. cxd4 Nxd4 12. Nxd4 Qxd4 13. Nf3 Qg4 14. Be3 Qb4+ 15. Bd2 Qg4 16. Be3 Qb4+ 17. Bd2 Qg4 1/2-1/2

[Event "USA-op"]
[Site "Los Angeles, CA USA"]
[Date "1987.??.??"]
[Round "5"]
[White "Rohde, Michael A"]
[Black "McCambridge, Vincent"]
[Result "1-0"]
[WhiteElo "2530"]
[BlackElo "2445"]
[PlyCount "53"]
[EventDate "1987.11.??"]
[Source "www.chesslib.no"]
[SourceDate "2004.05.04"]

1. e4 e6 2. d4 d5 3. Nd2 Nf6 4. e5 Nfd7 5. Bd3 c5 6. c3 Nc6 7. Ngf3 cxd4 8. cxd4 Nb6 9. O-O Bd7 10. Nb3 Be7 11. a3 Rc8 12. Qd2 Nc4 13. Qf4 Qb6 14. Bc2 Nd8 15. Nc5 Bxc5 16. dxc5 Qxc5 17. Qg3 Qf8 18. Bd3 Nc6 19. b3 Nb6 20. Be3 f5 21. exf6 Qxf6 22. Ng5 g6 23. Rae1 Ne7 24. Bf4 Nf5 25. Qh3 Rc3 26. Nxe6 Bxe6 27. Be5 1-0

[Event "Mind Sports Games - Blitz Team"]
[Site "Pechino CINA"]
[Date "2008.10.13"]
[Round "4"]
[White "Kryvoruchko, Y."]
[Black "Garma, C."]
[Result "1-0"]
[WhiteElo "2627"]
[BlackElo "2347"]
[PlyCount "71"]
[EventDate "2008.10.13"]
[Source "www.chesslib.no"]
[SourceDate "2004.05.04"]

1. e4 e6 2. d4 d5 3. Nd2 Nf6 4. e5 Nfd7 5. Bd3 c5 6. c3 Nc6 7. Ne2 Qb6 8. O-O cxd4 9. cxd4 Be7 10. Nf3 O-O 11. a3 a5 12. Rb1 f5 13. exf6 Bxf6 14. Be3 Qc7 15. Qc2 g6 16. b4 axb4 17. axb4 Qd6 18. Qd2 e5 19. dxe5 Ndxe5 20. Nxe5 Qxe5 21. b5 Ne7 22. Rfe1 Bf5 23. Bf4 Qe6 24. Nd4 Qd7 25. Nxf5 Nxf5 26. Rbc1 Rac8 27. Bc4 Nd4 28. Ba2 Rxc1 29. Rxc1 Qxb5 30. Rb1 Qe2 31. Bxd5+ Kh8 32. Qb4 Re8 33. Be3 Nc2 34. Qa4 Re7 35. Qa8+ Kg7 36. Qg8# 1-0

[Event "It (Men) Stepanakert ARM"]
[Site "?"]
[Date "2005.10.06"]
[Round "5"]
[White "Tischbierek Raj"]
[Black "Lopez Martinez Josep Manuel"]
[Result "1-0"]
[WhiteElo "2466"]
[BlackElo "2507"]
[PlyCount "87"]
[EventDate "2005.??.??"]
[Source "www.chesslib.no"]
[SourceDate "2004.05.04"]

1. e4 e6 2. d4 d5 3. Nd2 Nf6 4. e5 Nfd7 5. Bd3 c5 6. c3 Nc6 7. Ngf3 g6 8. O-O Bg7 9. Re1 Qb6 10. dxc5 Nxc5 11. Nb3 Nxd3 12. Qxd3 O-O 13. h4 Qa6 14. Qe3 b6 15. Nbd4 Nxd4 16. Nxd4 Bd7 17. Qg3 h6 18. Bf4 Kh7 19. a3 Ba4 20. Re3 Rae8 21. Rae1 Qc8 22. Qg4 Bd7 23. Rg3 Qd8 24. Nf3 h5 25. Ng5+ Kh8 26. Qe2 Bc6 27. Nf3 d4 28. Nxd4 Ba8 29. Bg5 Qd5 30. Bf6 Rg8 31. Rd1 Bxf6 32. exf6 Rd8 33. Re1 Rge8 34. f4 Qc5 35. Qe3 Qf8 36. Rg5 Kh7 37. Qe5 Qh8 38. c4 Rc8 39. b4 Red8 40. Re3 Qf8 41. Reg3 Qh6 42. f5 Rxc4 43. fxg6+ fxg6 44. Rxg6 1-0

[Event "Agios Nikolaos Open"]
[Site "Agios Nikolaos GRE"]
[Date "1995.??.??"]
[Round "6"]
[White "Anagnostopoulos, Dimitrios"]
[Black "Moskalenko, Viktor"]
[Result "1/2-1/2"]
[WhiteElo "2445"]
[BlackElo "2525"]
[PlyCount "84"]
[EventDate "1995.??.??"]
[Source "www.chesslib.no"]
[SourceDate "2004.05.04"]

1. e4 e6 2. d4 d5 3. Nd2 Nf6 4. e5 Nfd7 5. Bd3 c5 6. c3 Nc6 7. Ngf3 Qb6 8. O-O cxd4 9. cxd4 Nxd4 10. Nxd4 Qxd4 11. Nf3 Qb6 12. Qa4 Qb4 13. Qc2 Qc5 14. Qe2 Qb6 15. Bf4 Be7 16. Rac1 Qd8 17. Rc3 Nb8 18. Nd4 Bd7 19. Qg4 g6 20. Bh6 Nc6 21. Nf3 Bf8 22. Qf4 Bxh6 23. Qxh6 Qe7 24. a3 Qf8 25. Qf4 Qg7 26. Bb5 O-O 27. Bxc6 bxc6 28. Nd4 f6 29. exf6 Qxf6 30. Qxf6 Rxf6 31. Nxc6 Bxc6 32. Rxc6 a5 33. Re1 Rb8 34. Re2 g5 35. Rcxe6 Rxe6 36. Rxe6 Rxb2 37. g3 Ra2 38. Re5 h6 39. Rxd5 Rxa3 40. Rd7 Rb3 41. Ra7 Rb5 42. g4 Rc5 1/2-1/2

[Event "Corr"]
[Site "?"]
[Date "1998.06.12"]
[Round "13"]
[White "Tsvetkov Alexey Aleksandrovi"]
[Black "Stoljar Sergey"]
[Result "1-0"]
[WhiteElo "2485"]
[BlackElo "2485"]
[PlyCount "59"]
[EventDate "1998.??.??"]
[Source "www.chesslib.no"]
[SourceDate "2004.05.04"]

1. e4 e6 2. d4 d5 3. Nd2 Nf6 4. e5 Nfd7 5. Bd3 c5 6. c3 Nc6 7. Ne2 a5 8. O-O a4 9. Nf3 Nb6 10. Bg5 Be7 11. Bxe7 Qxe7 12. b3 c4 13. bxc4 dxc4 14. Be4 Nd5 15. Rb1 Ra5 16. Qc2 b5 17. Ng3 g6 18. Qd2 h6 19. Bc2 Nd8 20. Ne4 Nb7 21. h3 Bd7 22. Nh2 h5 23. Rfe1 Bc6 24. Nf1 Kd7 25. Ne3 Kc7 26. Nxd5+ Bxd5 27. Rb4 Rd8 28. Nf6 Bc6 29. Qe3 Bd5 30. Reb1 1-0

[Event "Birstonas 88/244"]
[Site "?"]
[Date "2003.??.??"]
[Round "?"]
[White "Kupreichik, V."]
[Black "Sakalauskas, V."]
[Result "1-0"]
[WhiteElo "2501"]
[BlackElo "2465"]
[PlyCount "81"]
[EventDate "2003.??.??"]
[Source "Chess Informant"]
[SourceDate "2003.06.01"]

1. e4 e6 2. d4 d5 3. Nd2 Nf6 4. e5 Nfd7 5. Bd3 c5 6. c3 Nc6 7. Ngf3 Qb6 8. O-O g6 9. dxc5 Qc7 10. c4 Ncxe5 11. Nxe5 Nxe5 12. cxd5 exd5 13. Re1 Be6 14. Qa4+ Nc6 15. Nb3 Bg7 16. Bf4 Qd7 17. Bd6 f5 18. Bb5 Kf7 19. Be5 Bxe5 20. Rxe5 Qc7 21. Re2 Rhe8 22. Rae1 Bd7 23. Qh4 h5 24. Bxc6 Bxc6 25. Qd4 Qd7 26. Nd2 Kg8 27. h4 Rxe2 28. Rxe2 Qg7 29. Re5 Qd7 30. Nf3 Re8 31. b4 a6 32. Rxe8+ Qxe8 33. Qf6 Qf7 34. Qd6 Kg7 35. Ng5 Qf6 36. Qc7+ Kg8 37. a4 d4 38. b5 axb5 39. axb5 Bxb5 40. Qb8+ Qf8 41. Qxb7 1-0

[Event "Pola CRO"]
[Site "?"]
[Date "2005.06.25"]
[Round "8.5"]
[White "Fercec Nenad"]
[Black "Saric Ibro"]
[Result "1-0"]
[WhiteElo "2504"]
[BlackElo "2456"]
[PlyCount "97"]
[EventDate "2005.??.??"]
[Source "www.chesslib.no"]
[SourceDate "2004.05.04"]

1. e4 e6 2. d4 d5 3. Nd2 Nf6 4. e5 Nfd7 5. Bd3 c5 6. c3 Nc6 7. Ne2 a5 8. h4 cxd4 9. cxd4 Nb6 10. a3 a4 11. Bc2 Bd7 12. Nf3 Na5 13. Nc3 Nac4 14. Rh3 h6 15. Kf1 Bc6 16. Kg1 Qd7 17. Ne1 Nc8 18. Nd3 b5 19. h5 Qa7 20. Qg4 Ne7 21. Nb4 Bd7 22. Rf3 Qc7 23. Rb1 Qb6 24. Ne2 Nf5 25. Nxd5 Qa5 26. Nec3 O-O-O 27. Ne3 g6 28. Nxc4 bxc4 29. Be3 Be7 30. Qe4 Qa6 31. d5 exd5 32. Nxd5 Bc6 33. Nxe7+ Nxe7 34. Qg4+ Bd7 35. Qd4 Nf5 36. Qc5+ Qc6 37. hxg6 Qxc5 38. Bxc5 fxg6 39. Rc3 Bb5 40. Re1 Rd5 41. Bb4 Rd4 42. e6 Bc6 43. f3 Nh4 44. Re2 Nf5 45. Bc5 Ng3 46. Re1 Rd2 47. Rxc4 Ne2+ 48. Kf2 Bb5 49. Bb4+ 1-0

[Event "USSR Tch-9 corr"]
[Site "USSR Tch-9 corr"]
[Date "1988.??.??"]
[Round "?"]
[White "Pankevich, V.I."]
[Black "Bykhovsky, Avigdor"]
[Result "1/2-1/2"]
[WhiteElo "2510"]
[BlackElo "2450"]
[PlyCount "49"]
[EventDate "1988.??.??"]
[Source "www.chesslib.no"]
[SourceDate "2004.05.04"]

1. e4 e6 2. d4 d5 3. Nd2 Nf6 4. e5 Nfd7 5. Bd3 c5 6. c3 Nc6 7. Ne2 Rb8 8. f4 b5 9. Nf3 g6 10. g4 b4 11. f5 bxc3 12. bxc3 cxd4 13. cxd4 Nb6 14. Bg5 Be7 15. f6 Bf8 16. h4 h6 17. Bd2 Nc4 18. Bxc4 dxc4 19. Rc1 Bb4 20. Kf2 Bb7 21. Rh3 Ba6 22. Be3 Qa5 23. Bd2 h5 24. gxh5 Rxh5 25. Ng3 1/2-1/2

[Event "New York op"]
[Site "New York"]
[Date "1991.??.??"]
[Round "4"]
[White "Kudrin, Sergey"]
[Black "Ivanov, Igor V"]
[Result "1-0"]
[WhiteElo "2510"]
[BlackElo "2450"]
[PlyCount "71"]
[EventDate "1991.03.??"]
[Source "ChessBase"]

1. e4 e6 2. d4 d5 3. Nd2 Nf6 4. e5 Nfd7 5. Bd3 c5 6. c3 Nc6 7. Ne2 Rb8 8. O-O b5 9. a3 a5 10. Nf3 Be7 11. Nf4 g6 12. Re1 c4 13. Bc2 Nb6 14. g3 b4 15. axb4 axb4 16. h4 Bd7 17. Nh3 Ra8 18. Rxa8 Qxa8 19. Bg5 Bxg5 20. Nhxg5 h6 21. Nh3 b3 22. Bb1 Qa1 23. Qc1 Na4 24. Re2 Na7 25. Nf4 Nb5 26. Nxd5 Bc6 27. Nf6+ Ke7 28. d5 exd5 29. e6 Naxc3 30. bxc3 Qxc3 31. exf7+ Kxf7 32. Ne5+ Kg7 33. Qf4 Rf8 34. Neg4 Rxf6 35. Qxh6+ Kg8 36. Bxg6 1-0

[Event "Bank Pocztowy op-A"]
[Site "Bydgoszcz"]
[Date "2001.04.27"]
[Round "1"]
[White "Rozentalis, Eduardas"]
[Black "Szymanski, Marcin"]
[Result "1/2-1/2"]
[WhiteElo "2597"]
[BlackElo "2359"]
[PlyCount "79"]
[EventDate "2001.04.27"]
[Source "ChessBase"]
[SourceDate "2001.07.03"]

1. e4 e6 2. d4 d5 3. Nd2 Nf6 4. e5 Nfd7 5. Bd3 c5 6. c3 Nc6 7. Ne2 Qb6 8. Nf3 f6 9. exf6 Nxf6 10. O-O Bd6 11. b3 O-O 12. Bf4 Bxf4 13. Nxf4 cxd4 14. cxd4 Ne4 15. g3 Nxd4 16. Bxe4 dxe4 17. Qxd4 exf3 18. Qe4 Bd7 19. Rad1 Rad8 20. Rfe1 Bc8 21. Qxf3 Qa5 22. Qe2 Rxd1 23. Rxd1 Qf5 24. Re1 Re8 25. Nd3 b6 26. Ne5 Bb7 27. Rd1 Rc8 28. f3 Bd5 29. Rd2 h5 30. Kg2 g5 31. h3 Rc3 32. Kh2 h4 33. Qe1 Rc2 34. Rxc2 Qxc2+ 35. Kg1 hxg3 36. Qxg3 Qd1+ 37. Kg2 Qd2+ 38. Kf1 Qd1+ 39. Kf2 Qd2+ 40. Kf1 1/2-1/2

[Event "Politiken Cup"]
[Site "Copenhagen"]
[Date "2004.07.27"]
[Round "5"]
[White "Hansen, Sune Berg"]
[Black "Cech, Pavel"]
[Result "1-0"]
[WhiteElo "2552"]
[BlackElo "2404"]
[PlyCount "79"]
[EventDate "2004.07.24"]
[Source "Roberto Alvarez"]
[SourceDate "2004.08.10"]

1. e4 e6 2. d4 d5 3. Nd2 Nf6 4. e5 Nfd7 5. Bd3 c5 6. c3 Nc6 7. Ngf3 Qb6 8. O-O g6 9. dxc5 Nxc5 10. Nb3 Nxd3 11. Qxd3 Bg7 12. Re1 Qc7 13. Bf4 Bd7 14. Qe3 h6 15. Rac1 Na5 16. Nbd4 Qb6 17. Qe2 Bf8 18. h3 Qa6 19. Qc2 Be7 20. b3 O-O-O 21. a4 Kb8 22. Ra1 Rc8 23. Rec1 b6 24. Qd1 Ka8 25. h4 Nc6 26. Nb5 Nb8 27. Qd3 Qb7 28. Qe3 Bc5 29. Qd2 Bxb5 30. axb5 Qd7 31. Qd3 Be7 32. Ra4 Rc7 33. Be3 Bc5 34. Bd2 Be7 35. Rca1 Rb7 36. Qe2 Qd8 37. g3 Qd7 38. Bf4 Qc7 39. c4 dxc4 40. Qe4 1-0

[Event "Moscow RUS"]
[Site "?"]
[Date "2004.02.22"]
[Round "6"]
[White "Sebag Marie"]
[Black "Gershon Alik"]
[Result "1-0"]
[WhiteElo "2428"]
[BlackElo "2524"]
[PlyCount "67"]
[EventDate "2004.??.??"]
[Source "www.chesslib.no"]
[SourceDate "2004.05.04"]

1. e4 e6 2. d4 d5 3. Nd2 Nf6 4. e5 Nfd7 5. Bd3 c5 6. c3 Nc6 7. Ngf3 g6 8. h4 Qb6 9. h5 g5 10. Nxg5 cxd4 11. cxd4 Nxd4 12. Ndf3 Bc5 13. O-O h6 14. Nxd4 hxg5 15. Nb3 Bd4 16. Bxg5 Bxe5 17. h6 Qd6 18. Qg4 Nf6 19. Qh4 Nh7 20. Be3 Bf6 21. Qg4 e5 22. Qg3 Nf8 23. Rfd1 Bd7 24. Rac1 Ne6 25. Nc5 Nxc5 26. Bxc5 Qe6 27. h7 Bc6 28. b4 a6 29. a4 b6 30. Bf5 Qxf5 31. Qg8+ Kd7 32. Qxf7+ Kc8 33. Bf8 Rxf8 34. Rxc6+ 1-0

[Event "CRO-ch"]
[Site "Pula"]
[Date "2000.01.14"]
[Round "8"]
[White "Rogic, Davor"]
[Black "Kovacevic, Blazimir"]
[Result "1-0"]
[WhiteElo "2505"]
[BlackElo "2447"]
[PlyCount "120"]
[EventDate "2000.01.07"]
[Source "ChessBase"]
[SourceDate "2000.04.05"]

1. e4 e6 2. d4 d5 3. Nd2 Nf6 4. e5 Nfd7 5. Bd3 c5 6. c3 Nc6 7. Ne2 a5 8. Nf3 cxd4 9. cxd4 h6 10. h4 a4 11. a3 Nb6 12. Nc3 Bd7 13. Bc2 Ne7 14. Kf1 Bc6 15. Kg1 Qd7 16. Rh3 Nc4 17. h5 b5 18. Ne1 Qa7 19. Qg4 Kd8 20. Rf3 Be8 21. Nd3 Qb6 22. Be3 Nc6 23. Rd1 Ra7 24. Nf4 Qa5 25. Bc1 Rd7 26. Nd3 Rc7 27. Nf4 Ne7 28. Qh3 Qb6 29. Bb1 Qc6 30. Nd3 Kc8 31. Na2 Qb6 32. Ndb4 Kb8 33. b3 axb3 34. Rxb3 Nc6 35. Nxc6+ Bxc6 36. Nb4 Qa5 37. Qf3 Bb7 38. Bd3 Qa4 39. Bf1 Na5 40. Rb1 Nc4 41. Rd3 Qa7 42. Qg4 g6 43. hxg6 Rg8 44. Qh4 Rxg6 45. Qd8+ Rc8 46. Qd7 Qb6 47. Qxf7 Rg4 48. Nc2 Rg7 49. Qf6 Rgc7 50. Rdb3 Ba6 51. a4 Ka8 52. axb5 Bb7 53. Bd3 Kb8 54. Bxh6 Be7 55. Qg6 Na5 56. R3b2 Nc4 57. Ra2 Bh4 58. Nb4 Qxd4 59. Nc6+ Bxc6 60. bxc6+ Nb6 1-0

[Event "Lasker mem op"]
[Site "Barlinek"]
[Date "2001.07.20"]
[Round "5"]
[White "Babaev, Rashad"]
[Black "Gleizerov, Evgeny"]
[Result "1/2-1/2"]
[WhiteElo "2361"]
[BlackElo "2587"]
[PlyCount "45"]
[EventDate "2001.07.19"]
[Source "ChessBase"]
[SourceDate "2001.11.13"]

1. e4 e6 2. d4 d5 3. Nd2 Nf6 4. e5 Nfd7 5. Bd3 c5 6. c3 Nc6 7. Ngf3 Be7 8. O-O a5 9. a4 cxd4 10. cxd4 Nb4 11. Bb1 b6 12. Re1 Ba6 13. Nf1 Rc8 14. Ra3 b5 15. axb5 Bxb5 16. h4 Nc6 17. Bg5 Nb6 18. Bxe7 Qxe7 19. Ne3 Kd7 20. Bd3 Bxd3 21. Qxd3 Rb8 22. Rc1 Rhc8 23. Rcc3 1/2-1/2

[Event "3rd Savaria Summer Open"]
[Site "Szombathely"]
[Date "2003.07.25"]
[Round "7"]
[White "Perunovic, Milos"]
[Black "Galyas, Miklos"]
[Result "1-0"]
[WhiteElo "2527"]
[BlackElo "2419"]
[PlyCount "89"]
[EventDate "2003.07.19"]
[Source "Roberto Alvarez"]
[SourceDate "2003.07.28"]

1. e4 e6 2. d4 d5 3. Nd2 Nf6 4. e5 Nfd7 5. Bd3 c5 6. c3 Nc6 7. Ngf3 Be7 8. O-O a5 9. Re1 cxd4 10. cxd4 Nb6 11. Nf1 g5 12. h3 h5 13. g4 hxg4 14. hxg4 Bd7 15. Ng3 Nb4 16. Bb1 Bb5 17. Kg2 Kd7 18. a3 Nc6 19. a4 Ba6 20. Bd3 Qg8 21. b3 Nb4 22. Bxa6 bxa6 23. Ba3 Qg6 24. Bxb4 Bxb4 25. Rh1 Rxh1 26. Qxh1 Rc8 27. Rc1 Be7 28. Rxc8 Kxc8 29. Qh8+ Kc7 30. Nh5 Nc8 31. Nf6 Bxf6 32. Qxf6 Qxf6 33. exf6 Kd7 34. Nxg5 Ke8 35. Kf3 Na7 36. Ke3 Nc6 37. Nf3 Kf8 38. Ne5 Nb4 39. Kd2 Ke8 40. g5 Kf8 41. Nd3 Nc6 42. Kc3 Ke8 43. b4 axb4+ 44. Nxb4 Nb8 45. a5 1-0

[Event "Wch U16"]
[Site "Oropesa del Mar"]
[Date "1998.11.02"]
[Round "7"]
[White "Grischuk, Alexander"]
[Black "Bunzmann, Dimitrij"]
[Result "1/2-1/2"]
[WhiteElo "2490"]
[BlackElo "2455"]
[PlyCount "59"]
[EventDate "1998.10.25"]
[Source "ChessBase"]
[SourceDate "1999.01.01"]

1. e4 e6 2. d4 d5 3. Nd2 Nf6 4. e5 Nfd7 5. Bd3 c5 6. c3 Nc6 7. Ne2 a5 8. f4 cxd4 9. cxd4 a4 10. Nf3 Nb6 11. g4 h5 12. gxh5 Rxh5 13. Ng3 Rh8 14. O-O Nc4 15. Qe2 Qb6 16. Qf2 Bd7 17. Kg2 a3 18. bxa3 Nb2 19. Bb1 Qa6 20. f5 Nd3 21. Qe3 Nxc1 22. Rxc1 Be7 23. fxe6 Bxe6 24. Nf5 Kd7 25. Bd3 Qb6 26. Nxe7 Nxe7 27. Rc5 Bh3+ 28. Kf2 Qh6 29. Qxh6 gxh6 30. Rac1 1/2-1/2